Hogwarts Staff Job Match Quiz Stats

 Plays Quiz not verified by Sporcle

Score 0/35 Timer 10:00
0 Plays Today
% Correct
'Mad-eye Moody' Crouch
89.7%
Dumbledore
87.6%
Filch
82.8%
Lockhart
82.1%
Quirrell
82.1%
Lupin
82.1%
Mcgonagall
81.4%
Hufflepuff
79.3%
Flitwick
78.6%
Pomfrey
78.6%
Gryffindor
77.9%
Snape
77.2%
Ravenclaw
77.2%
Slytherin
75.9%
Binns
75.2%
Hagrid
73.8%
Sprout
71.7%
Slughorn
71%
% Correct
Umbridge
70.3%
Hooch
69%
Snape
68.3%
Snape
67.6%
Amycus Carrow
67.6%
Pince
63.4%
Hagrid
61.4%
Alecto Carrow
60.7%
Mcgonagall
59.3%
Sinistra
51%
Burbage
50.3%
Vector
48.3%
Grubbly-Plank
48.3%
Kettleburn
46.2%
Babbling
42.1%
Firenze
39.3%
Trelawney
29.7%

You're not logged in!

Compare scores with friends on all Sporcle quizzes.
OR
Log In

Sporcle TV

Today on Sporcle TV


Watch our educational content, quiz creation guides, and fun videos on Sporcle TV.

Show Comments

Extras

Created Aug 22, 2014SourceReportNominate
Tags:Hogwarts, subject, teacher

Top Quizzes Today


Score Distribution

Your Account Isn't Verified!

In order to create a playlist on Sporcle, you need to verify the email address you used during registration. Go to your Sporcle Settings to finish the process.

Report this User

Report this user for behavior that violates our Community Guidelines.

Details: